| 000 | 00946aam a2200301 4500 | ||
|---|---|---|---|
| 001 | 20121 | ||
| 003 | CO-MdFUSB | ||
| 005 | 20180622170551.0 | ||
| 008 | 170316t1990 enkd|||f |||| 00| 0 eng d | ||
| 020 | _a0-521-36262-8 | ||
| 040 |
_aCO-MdFUSB _bspa _cCO-MdFUSB _dCO-MdFUSBC _erda |
||
| 041 | _aeng | ||
| 082 |
_224 _aG 282.092 _bSO727s |
||
| 100 | 1 |
_aSouthern, R. W. _eautor |
|
| 245 | 1 | 0 |
_aSaint Anselm _b: A portrait in a landscape _c/ R. W. Southern |
| 264 | 1 |
_aCambridge, England : _bCambridge University Press, _c℗1990 |
|
| 264 | 4 | _c©1990 | |
| 300 |
_axxix, 493 páginas _b: _c; |
||
| 336 |
_2rdacontent _a1 _ba1 |
||
| 337 |
_2rdamedia _a2 _b5 |
||
| 338 |
_2rdacarrier _a2 _b5 |
||
| 501 | _aIncluye índice (p. 483-493) | ||
| 505 | 0 | 0 | _aBiografía de San Anselmo - Estudio de las letras escritas por San Anselmo |
| 563 | _aPasta dura | ||
| 650 | 7 |
_941 _aClero -- _bActividad política |
|
| 942 | _cBK | ||
| 999 |
_c46474 _d46474 |
||